Tendencias

Guardado en:
書目詳細資料
格式: Texto
標簽: 添加標簽
沒有標簽, 成為第一個標記此記錄!

MARC

LEADER 00000 a a2200000 04500
001 17546
003
040
245 |a Tendencias  
773 |g número 49; páginas 769-770  
999 |c 38070  |d 38070